[Event "K41 Efteraars EMT Basis 2 2010"]
[Site "Valby"]
[Date "2010.09.07"]
[Round "1"]
[White "Gjelstrup, Ole"]
[Black "Sandbech, Ted"]
[Result "0-1"]
[WhiteElo "1531"]
[BlackElo "1545"]
[PlyCount "54"]
[EventDate "2010.??.??"]
[SourceDate "2010.09.10"]

1. e4 d5 2. exd5 Qxd5 3. Nc3 Qa5 4. d4 c6 5. Nf3 Bg4 6. Be2 e6 7. O-O Nf6 8.
Re1 Bd6 9. Be3 O-O 10. Qd2 Bb4 11. a3 Bxc3 12. bxc3 Ne4 13. Qd3 Nxc3 14. Bd2
Nxe2+ 15. Rxe2 Qd5 16. Re5 Qd7 17. Ng5 Bf5 18. Qe3 f6 19. Nxe6 fxe5 20. Nxf8
Kxf8 21. Bb4+ Kg8 22. Qxe5 Bxc2 23. Re1 Na6 24. Bc3 Bg6 25. Qe7 Qxe7 26. Rxe7
Kf8 27. Rd7 Be8 0-1

[Event "K41 Efteraars EMT Basis 2 2010"]
[Site "Valby"]
[Date "2010.09.07"]
[Round "1"]
[White "Krogh, Soren"]
[Black "Jorgensen, Orla Eilegaard"]
[Result "0-1"]
[WhiteElo "1330"]
[BlackElo "1439"]
[PlyCount "72"]
[EventDate "2010.??.??"]
[SourceDate "2010.09.10"]

1. Nf3 d5 2. c4 c5 3. Nc3 d4 4. Nb5 a6 5. Na3 Nc6 6. g3 Nf6 7. Bg2 e5 8. d3 Be7
9. O-O h6 10. Rb1 O-O 11. Nc2 b5 12. Nxe5 Nxe5 13. Bxa8 Bh3 14. Bg2 Bxg2 15.
Kxg2 bxc4 16. Ne1 cxd3 17. exd3 Qd5+ 18. Kg1 Qxa2 19. Bf4 Neg4 20. Bd2 Rb8 21.
Qc2 Ne5 22. Bf4 Bd6 23. h4 Nd5 24. Bd2 Nb4 25. Bxb4 Rxb4 26. Ng2 Qe6 27. Nf4
Nf3+ 28. Kg2 Nxh4+ 29. gxh4 Qg4+ 30. Kh1 Qxh4+ 31. Kg1 Bxf4 32. f3 Be3+ 33. Kg2
Rb6 34. Rf2 Bxf2 35. Qxf2 Rg6+ 36. Kf1 Qh1+ 0-1

[Event "K41 Efteraars EMT Basis 2 2010"]
[Site "Valby"]
[Date "2010.09.07"]
[Round "1"]
[White "Mikkelsen, Henning Peter"]
[Black "Christensen, Aage Niels"]
[Result "1/2-1/2"]
[WhiteElo "1577"]
[BlackElo "1531"]
[PlyCount "55"]
[EventDate "2010.??.??"]
[SourceDate "2010.09.10"]

1. c4 Nf6 2. Nc3 g6 3. d4 d5 4. Nf3 Bg7 5. Bf4 O-O 6. e3 c5 7. Qc2 Nc6 8. cxd5
Nb4 9. Qd2 cxd4 10. Nxd4 Nfxd5 11. Bg3 e5 12. Nf3 Nxc3 13. bxc3 Qxd2+ 14. Kxd2
Rd8+ 15. Ke2 Nc6 16. e4 Be6 17. Ke1 a6 18. Ng5 Bc8 19. Bc4 Rd7 20. h4 h6 21.
Nh3 Rd6 22. f3 Be6 23. Bb3 Rad8 24. Nf2 Bxb3 25. axb3 Rd2 26. Rd1 Rxd1+ 27.
Nxd1 Na5 28. b4 1/2-1/2

[Event "K41 Efteraars EMT Basis 2 2010"]
[Site "Valby"]
[Date "2010.09.07"]
[Round "1"]
[White "Wehl, Erik"]
[Black "Eiholt, Bjarne"]
[Result "1/2-1/2"]
[WhiteElo "1467"]
[BlackElo "1408"]
[PlyCount "56"]
[EventDate "2010.??.??"]
[SourceDate "2010.09.10"]

1. d4 d5 2. c4 e6 3. a3 Nf6 4. Nc3 c6 5. e3 Nbd7 6. Nf3 a6 7. Be2 dxc4 8. Bxc4
b5 9. Bd3 c5 10. Bc2 Bb7 11. O-O Be7 12. Re1 O-O 13. e4 cxd4 14. Nxd4 Ne5 15.
Bf4 Ng6 16. Be3 Rc8 17. Rc1 b4 18. axb4 Bxb4 19. Bg5 h6 20. e5 hxg5 21. Bxg6
Bxc3 22. Rxc3 Qd5 23. Rg3 fxg6 24. exf6 Rxf6 25. Nf3 Qa5 26. h3 Rcf8 27. Re3
Rd8 28. Qe1 Qxe1+ 1/2-1/2

[Event "K41 Efteraars EMT Basis 2 2010"]
[Site "Valby"]
[Date "2010.09.14"]
[Round "2"]
[White "Christensen, Aage Niels"]
[Black "Eiholt, Bjarne"]
[Result "1/2-1/2"]
[WhiteElo "1531"]
[BlackElo "1408"]
[PlyCount "95"]
[EventDate "2010.??.??"]
[SourceDate "2010.09.10"]

1. f4 d5 2. b3 c5 3. Nf3 Bg4 4. Bb2 e6 5. Ne5 Bf5 6. e3 Nf6 7. Bb5+ Nbd7 8. O-O
a6 9. Nxd7 Nxd7 10. Be2 Nf6 11. g4 Bg6 12. f5 Qc7 13. d3 Bd6 14. Rf2 O-O-O 15.
Qf1 exf5 16. Bxf6 gxf6 17. gxf5 Rde8 18. Qh3 Kb8 19. Nd2 Be5 20. Raf1 Qa5 21.
Nf3 Bc3 22. fxg6 hxg6 23. Qg3+ Ka7 24. d4 Rxe3 25. dxc5 Qxc5 26. Kh1 Qe7 27.
Bd3 Be5 28. Qg1 Bd6 29. Re2 Bc5 30. Rxe3 Bxe3 31. Qg2 Qd6 32. Re1 Bf4 33. Re2
g5 34. Qf2+ Kb8 35. Qe1 Qc6 36. Nd4 Qb6 37. Re8+ Rxe8 38. Qxe8+ Ka7 39. Nf3 Qf2
40. Qe2 Qc5 41. Qg2 Qa3 42. Qg1+ Kb8 43. Qb6 g4 44. Nh4 Qc1+ 45. Qg1 Qd2 46.
Nf5 g3 47. hxg3 Bc7 48. Qg2 1/2-1/2

[Event "K41 Efteraars EMT Basis 2 2010"]
[Site "Valby"]
[Date "2010.09.14"]
[Round "2"]
[White "Jorgensen, Orla Eilegaard"]
[Black "Gjelstrup, Ole"]
[Result "0-1"]
[WhiteElo "1439"]
[BlackElo "1531"]
[PlyCount "74"]
[EventDate "2010.??.??"]
[SourceDate "2010.09.10"]

1. b3 e5 2. Bb2 d6 3. Nc3 Nf6 4. e4 Be6 5. Nf3 c5 6. Bb5+ Nc6 7. O-O Be7 8. Re1
O-O 9. d3 Rc8 10. Ne2 Nh5 11. Bc4 Qd7 12. Bxe6 Qxe6 13. c4 f5 14. exf5 Qxf5 15.
Nc3 Nd4 16. Nxd4 Qxf2+ 17. Kh1 Qxb2 18. Qxh5 Qxc3 19. Nf5 Bf6 20. Nxd6 Rcd8 21.
Nxb7 Rxd3 22. Nxc5 Re3 23. Red1 Be7 24. Ne6 Rf7 25. Rf1 Bf6 26. Rad1 Rd3 27.
Nc5 Rd4 28. Rxd4 Qxd4 29. Ne6 Qd3 30. Rd1 Qc2 31. h3 h6 32. Qf3 e4 33. Qf1 e3
34. Qe1 Bh4 35. Rc1 Qxc1 36. Qxc1 e2 37. Nd8 Rf1+ 0-1

[Event "K41 Efteraars EMT Basis 2 2010"]
[Site "Valby"]
[Date "2010.09.14"]
[Round "2"]
[White "Mikkelsen, Henning Peter"]
[Black "Krogh, Soren"]
[Result "1-0"]
[WhiteElo "1577"]
[BlackElo "1330"]
[PlyCount "89"]
[EventDate "2010.??.??"]
[SourceDate "2010.09.10"]

1. b3 e5 2. Bb2 d6 3. e3 Nf6 4. Bc4 Nc6 5. Nf3 Bg4 6. h3 Bh5 7. g4 Bg6 8. d3 h5
9. g5 Nh7 10. h4 Qd7 11. Nc3 Be7 12. Bd5 O-O 13. Nd2 a6 14. Qf3 Rac8 15. O-O-O
Qg4 16. Qe2 Qb4 17. Nde4 a5 18. a3 Qb6 19. Ng3 Nd8 20. Rde1 c6 21. Bf3 d5 22.
Nxh5 Ne6 23. Na4 Qc7 24. Ng3 f5 25. h5 Be8 26. g6 Nhg5 27. Bg2 b5 28. Nc3 f4
29. exf4 exf4 30. Nxd5 cxd5 31. Bxd5 Bd7 32. Ne4 f3 33. Qd1 Qf4+ 34. Kb1 Nxe4
35. Rxe4 Qf5 36. Re5 Qg4 37. h6 Bf6 38. Re4 Qf5 39. hxg7 Rfe8 40. Rh8+ Kxg7 41.
Rh7+ Kg8 42. Rxd7 Rc5 43. Qh1 Bxb2 44. Qh7+ Kf8 45. Rf7+ 1-0

[Event "K41 Efteraars EMT Basis 2 2010"]
[Site "Valby"]
[Date "2010.09.21"]
[Round "3"]
[White "Eiholt, Bjarne"]
[Black "Sandbech, Ted"]
[Result "1-0"]
[WhiteElo "1408"]
[BlackElo "1545"]
[PlyCount "113"]
[EventDate "2010.??.??"]
[SourceDate "2010.09.10"]

1. d4 d5 2. c4 c6 3. Nc3 Nf6 4. Qc2 e6 5. cxd5 exd5 6. Bg5 Be7 7. e3 O-O 8. Bd3
g6 9. Nge2 Nh5 10. Bxe7 Qxe7 11. O-O Qg5 12. Kh1 Nd7 13. Rae1 Ndf6 14. Ng1 Qh6
15. Nge2 Ng4 16. h3 Ngf6 17. Ng3 Nxg3+ 18. fxg3 Bxh3 19. gxh3 Qxh3+ 20. Qh2 Qe6
21. Qh4 Nd7 22. e4 Qd6 23. e5 Qe6 24. Ne2 Rae8 25. Nf4 Qe7 26. Qh6 f5 27. a3
Qg7 28. Qg5 Qe7 29. Qh6 Qg7 30. Qh2 Nb6 31. b3 a5 32. Qc2 Qh6+ 33. Kg2 Qg7 34.
Qc5 Qc7 35. Qxa5 Re7 36. Qc5 Rfe8 37. a4 Nd7 38. Qb4 Nf8 39. Rc1 Qd7 40. Qb6
Ne6 41. Nxe6 Rxe6 42. a5 Rc8 43. Rc5 Qe7 44. a6 bxa6 45. Qxa6 Rc7 46. Rfc1 Qd7
47. Qa5 Ra7 48. Qc3 Ra2+ 49. Rc2 Rxc2+ 50. Qxc2 Qb7 51. Qc3 Qb6 52. b4 Kg7 53.
b5 cxb5 54. Rxb5 Qa7 55. Qc5 Qa2+ 56. Qc2 Ra6 57. Rb2 1-0

[Event "K41 Efteraars EMT Basis 2 2010"]
[Site "Valby"]
[Date "2010.09.21"]
[Round "3"]
[White "Gjelstrup, Ole"]
[Black "Mikkelsen, Henning Peter"]
[Result "1-0"]
[WhiteElo "1531"]
[BlackElo "1577"]
[PlyCount "57"]
[EventDate "2010.??.??"]
[SourceDate "2010.09.10"]

1. e4 c5 2. d4 cxd4 3. c3 dxc3 4. Nxc3 e6 5. Bc4 Nc6 6. Nf3 h6 7. Bf4 a6 8. O-O
Nf6 9. Re1 Nh5 10. Be3 Qc7 11. Rc1 b5 12. Bb3 Bb7 13. Qe2 Bd6 14. Nd5 Qd8 15.
Nc3 O-O 16. Nxb5 axb5 17. Qxb5 Ra5 18. Qxb7 Qe8 19. Bd2 Ra7 20. Qb5 f5 21. exf5
Kh8 22. fxe6 Nf6 23. exd7 Qxd7 24. Qxc6 Bxh2+ 25. Kxh2 Ng4+ 26. Kg1 Qf5 27. Be6
Qh5 28. Bxg4 Qxg4 29. Ne5 1-0

[Event "K41 Efteraars EMT Basis 2 2010"]
[Site "Valby"]
[Date "2010.09.21"]
[Round "3"]
[White "Krogh, Soren"]
[Black "Christensen, Aage Niels"]
[Result "1/2-1/2"]
[WhiteElo "1330"]
[BlackElo "1531"]
[PlyCount "82"]
[EventDate "2010.??.??"]
[SourceDate "2010.09.10"]

1. d4 Nf6 2. Bg5 Ne4 3. Bf4 d5 4. f3 Nd6 5. Nc3 c6 6. e4 e6 7. Nge2 b6 8. Nc1
Ba6 9. Bxa6 Nxa6 10. Qe2 Nc7 11. O-O Be7 12. a4 O-O 13. Rd1 Bg5 14. Bg3 Nc4 15.
Ra2 Rc8 16. Nb3 a5 17. e5 Ne3 18. Rd3 Nf5 19. Bf2 Na6 20. Rd1 Nc7 21. Rf1 Bf4
22. Nd1 Qg5 23. c3 h5 24. Na1 h4 25. Nc2 Ng3 26. Bxg3 hxg3 27. h3 f5 28. b4 Kf7
29. bxa5 bxa5 30. Rb2 Rb8 31. Rxb8 Rxb8 32. c4 Rh8 33. cxd5 cxd5 34. Nc3 Rb8
35. Nb5 Nxb5 36. axb5 Bd2 37. Rb1 Rb6 38. Rd1 Bb4 39. Nxb4 axb4 40. Ra1 Qf4 41.
Rd1 Qg5 1/2-1/2

[Event "K41 Efteraars EMT Basis 2 2010"]
[Site "Valby"]
[Date "2010.09.21"]
[Round "3"]
[White "Wehl, Erik"]
[Black "Jorgensen, Orla Eilegaard"]
[Result "0-1"]
[WhiteElo "1467"]
[BlackElo "1439"]
[PlyCount "137"]
[EventDate "2010.??.??"]
[SourceDate "2010.09.10"]

1. d4 d5 2. Nf3 Nf6 3. Nc3 Bg4 4. g3 e6 5. a3 c5 6. e3 cxd4 7. exd4 Nc6 8. Bg2
a6 9. O-O Bd6 10. Qd3 Bf5 11. Qd1 Bg4 12. Bg5 h6 13. Be3 O-O 14. Qc1 Rc8 15.
Re1 Re8 16. Nh4 Bh5 17. Qd2 Ng4 18. h3 Nxe3 19. Rxe3 Qb6 20. Rae1 Qxd4 21. Rd3
Qb6 22. b4 Ne5 23. Nxd5 exd5 24. Rxd5 Nc4 25. Rxe8+ Rxe8 26. Qd4 Qxd4 27. Rxd4
b5 28. g4 Re1+ 29. Bf1 Bg6 30. Nxg6 fxg6 31. Kg2 Be5 32. Bxc4+ bxc4 33. Rxc4
Ra1 34. f4 Bf6 35. Rc8+ Kf7 36. Rc7+ Ke8 37. Ra7 Rxa3 38. b5 Bd4 39. Ra8+ Kd7
40. c4 Ra4 41. bxa6 Rxc4 42. Rf8 Ra4 43. Ra8 Kc7 44. f5 gxf5 45. gxf5 Kb6 46.
Kf3 Bf6 47. Rb8+ Ka7 48. Rb3 Kxa6 49. Rb1 Ra3+ 50. Kg4 h5+ 51. Kxh5 Rxh3+ 52.
Kg6 Ka5 53. Kf7 Ka4 54. Kg6 Ka3 55. Kf7 Bb2 56. Rg1 Rf3 57. Kg6 Kb3 58. Rg4 Kc3
59. Kxg7 Rxf5 60. Kg6 Rf8 61. Ra4 Kd3 62. Rb4 Bc1 63. Kg7 Rf2 64. Rb3+ Ke4 65.
Rh3 Ke5 66. Rh5+ Ke6 67. Rh3 Ke7 68. Rh1 Rg2+ 69. Kh7 0-1

[Event "K41 Efteraars EMT Basis 2 2010"]
[Site "Valby"]
[Date "2010.09.28"]
[Round "4"]
[White "Christensen, Aage Niels"]
[Black "Sandbech, Ted"]
[Result "0-1"]
[WhiteElo "1531"]
[BlackElo "1545"]
[PlyCount "62"]
[EventDate "2010.??.??"]
[SourceDate "2010.09.10"]

1. e4 d5 2. exd5 Qxd5 3. Nc3 Qa5 4. d4 c6 5. Be3 Nf6 6. Qd2 e6 7. Bd3 Bb4 8.
Nge2 Nd5 9. O-O Nd7 10. a3 Bxc3 11. Nxc3 Nxc3 12. bxc3 Nf6 13. Qe2 Qxc3 14. f4
Qa5 15. c4 O-O 16. g4 e5 17. fxe5 Nxg4 18. Bd2 Qd8 19. h3 Qxd4+ 20. Kg2 Nxe5
21. Bxh7+ Kxh7 22. Rf4 Qd6 23. Rh4+ Kg8 24. Bf4 Qg6+ 25. Kh2 Nd3 26. Be3 Re8
27. Rg1 Qd6+ 28. Kh1 Bf5 29. Qg2 Bg6 30. Rd4 Qxd4 31. Qxg6 Rxe3 0-1

[Event "K41 Efteraars EMT Basis 2 2010"]
[Site "Valby"]
[Date "2010.09.28"]
[Round "4"]
[White "Jorgensen, Orla Eilegaard"]
[Black "Eiholt, Bjarne"]
[Result "1-0"]
[WhiteElo "1439"]
[BlackElo "1408"]
[PlyCount "73"]
[EventDate "2010.??.??"]
[SourceDate "2010.09.10"]

1. e4 c6 2. d4 d5 3. exd5 cxd5 4. Nf3 Nf6 5. Bg5 Bg4 6. Bxf6 exf6 7. Be2 Bd6 8.
Nc3 Bc7 9. h3 Be6 10. a3 O-O 11. O-O a6 12. Re1 Nc6 13. Na4 b6 14. Bd3 Qd7 15.
Nc3 Qd6 16. Ne2 Kh8 17. c3 g5 18. Ng3 Ne7 19. Qc2 g4 20. hxg4 Bxg4 21. Bxh7 Qd7
22. Bd3 Rg8 23. Qd2 Kg7 24. Nh4 Rh8 25. Rxe7 Qd8 26. Nhf5+ Bxf5 27. Nxf5+ Kf8
28. Rae1 Bh2+ 29. Kf1 Bc7 30. Nh6 Qxe7 31. Rxe7 Kxe7 32. Qe3+ Kf8 33. g3 Re8
34. Qd2 Kg7 35. Nf5+ Kf8 36. Bxa6 Re6 37. Bb7 1-0

[Event "K41 Efteraars EMT Basis 2 2010"]
[Site "Valby"]
[Date "2010.09.28"]
[Round "4"]
[White "Krogh, Soren"]
[Black "Gjelstrup, Ole"]
[Result "0-1"]
[WhiteElo "1330"]
[BlackElo "1531"]
[PlyCount "56"]
[EventDate "2010.??.??"]
[SourceDate "2010.09.10"]

1. b4 e5 2. Bb2 f6 3. b5 d5 4. Nf3 Bg4 5. d3 c6 6. bxc6 Nxc6 7. Nbd2 Bc5 8. e4
Nge7 9. Be2 O-O 10. O-O Qc7 11. Qc1 Rad8 12. Ba3 Bb6 13. c3 Qd7 14. Rd1 Rf7 15.
Rb1 Ng6 16. g3 f5 17. Bb4 f4 18. a4 fxg3 19. hxg3 h6 20. Rb3 Qe6 21. exd5 Rxd5
22. Qb2 Bh5 23. c4 Qh3 24. cxd5 Qxg3+ 25. Kh1 Qh3+ 26. Kg1 Nd4 27. Nxd4 Bxd4
28. Qc2 Bxf2# 0-1

[Event "K41 Efteraars EMT Basis 2 2010"]
[Site "Valby"]
[Date "2010.09.28"]
[Round "4"]
[White "Mikkelsen, Henning Peter"]
[Black "Wehl, Erik"]
[Result "0-1"]
[WhiteElo "1577"]
[BlackElo "1467"]
[PlyCount "68"]
[EventDate "2010.??.??"]
[SourceDate "2010.09.10"]

1. d4 d5 2. e4 dxe4 3. Nc3 Nf6 4. f3 exf3 5. Nxf3 Bg4 6. Be2 e6 7. a3 a6 8. Bg5
Be7 9. Qd2 Nbd7 10. h3 Bxf3 11. Bxf3 c6 12. Ne2 Nd5 13. Bxe7 Qxe7 14. O-O-O b5
15. Rhe1 N7b6 16. Qd3 a5 17. Nc3 O-O 18. Ne4 b4 19. Nc5 bxa3 20. Qxa3 Qg5+ 21.
Kb1 Rfb8 22. Qd3 a4 23. Re5 Qe7 24. Rh5 Nf6 25. Rh4 Nbd5 26. Re1 a3 27. b3 a2+
28. Ka1 g6 29. Qd2 Qf8 30. Re5 Qg7 31. Rg5 Rb5 32. Rg3 Rxc5 33. dxc5 Ne4+ 34.
c3 Nxd2 0-1

[Event "K41 Efteraars EMT Basis 2 2010"]
[Site "Valby"]
[Date "2010.10.05"]
[Round "5"]
[White "Eiholt, Bjarne"]
[Black "Mikkelsen, Henning Peter"]
[Result "1-0"]
[WhiteElo "1408"]
[BlackElo "1577"]
[PlyCount "57"]
[EventDate "2010.??.??"]
[SourceDate "2010.09.10"]

1. d4 f5 2. e4 fxe4 3. Nc3 Nf6 4. f3 e6 5. fxe4 Bb4 6. Bg5 Be7 7. Nf3 d6 8. Bd3
Nbd7 9. O-O O-O 10. Ne2 b6 11. Nf4 Nb8 12. c3 Kh8 13. Qc2 h6 14. Bxf6 Rxf6 15.
Nh4 Qe8 16. e5 dxe5 17. dxe5 Bc5+ 18. Kh1 Rxf4 19. Rxf4 Nd7 20. Ng6+ Kg8 21.
Raf1 Bb7 22. Rf7 Rd8 23. b4 Nf6 24. bxc5 Qxf7 25. exf6 gxf6 26. c6 Bc8 27. Ne5
Qg7 28. Rf3 Kf8 29. Rg3 1-0

[Event "K41 Efteraars EMT Basis 2 2010"]
[Site "Valby"]
[Date "2010.10.05"]
[Round "5"]
[White "Gjelstrup, Ole"]
[Black "Christensen, Aage Niels"]
[Result "1/2-1/2"]
[WhiteElo "1531"]
[BlackElo "1531"]
[PlyCount "134"]
[EventDate "2010.??.??"]
[SourceDate "2010.09.10"]

1. d4 Nf6 2. Nf3 b6 3. e3 Bb7 4. Nbd2 e6 5. b3 d6 6. Bb2 Nbd7 7. Bd3 Be7 8. O-O
Rc8 9. Qe2 O-O 10. Rae1 Nd5 11. c4 Nb4 12. Bb1 Bf6 13. e4 e5 14. Qe3 Re8 15.
Re2 Nc6 16. d5 Ne7 17. Ng5 Ng6 18. Ndf3 Nf4 19. Rc2 Bxg5 20. Qc3 Bf6 21. Re1 a5
22. g3 Ng6 23. Rce2 Ra8 24. h4 Bc8 25. Bc1 Nc5 26. Qc2 Bg4 27. Kg2 Qd7 28. Rh1
Be7 29. Ree1 Rf8 30. h5 Nh8 31. Ng5 Bxg5 32. Bxg5 f5 33. f3 Bxf3+ 34. Kxf3
fxe4+ 35. Kg2 Qg4 36. Be3 Rf3 37. Rh3 Nd3 38. Re2 Raf8 39. Qd2 Nf4+ 40. Bxf4
exf4 41. Bxe4 Rxg3+ 42. Rxg3 Qxg3+ 43. Kh1 Qh3+ 44. Kg1 Qg3+ 45. Kh1 Nf7 46.
Rg2 Qh3+ 47. Kg1 Qe3+ 48. Qxe3 fxe3 49. Re2 Ng5 50. Rxe3 Nxe4 51. Rxe4 Kf7 52.
Kg2 Re8 53. Rf4+ Ke7 54. Kg3 Rf8 55. Re4+ Kd7 56. Rg4 Rf7 57. a3 Ke7 58. Re4+
Kf8 59. b4 axb4 60. axb4 h6 61. Kg4 Re7 62. Rf4+ Kg8 63. Kh4 Kh7 64. Kg4 g5 65.
hxg6+ Kxg6 66. Kh4 Rf7 67. Re4 Kg7 1/2-1/2

[Event "K41 Efteraars EMT Basis 2 2010"]
[Site "Valby"]
[Date "2010.10.05"]
[Round "5"]
[White "Sandbech, Ted"]
[Black "Jorgensen, Orla Eilegaard"]
[Result "1-0"]
[WhiteElo "1545"]
[BlackElo "1439"]
[PlyCount "117"]
[EventDate "2010.??.??"]
[SourceDate "2010.09.10"]

1. Nf3 d5 2. d4 Nf6 3. c4 Bf5 4. Nc3 e6 5. Ne5 Nbd7 6. Bg5 h6 7. Nxd7 Qxd7 8.
Bxf6 gxf6 9. cxd5 exd5 10. Qb3 c6 11. e3 Bd6 12. Nxd5 Be6 13. Nxf6+ Ke7 14.
Nxd7 Bxb3 15. Nc5 Bc2 16. Rc1 Bg6 17. Nxb7 Bb4+ 18. Kd1 Rab8 19. Ba6 Be4 20. f3
Bd5 21. a3 Bd6 22. e4 Bb3+ 23. Ke2 Ba4 24. e5 Bc7 25. b4 Rhg8 26. Kf2 Bb6 27.
Nc5 Bb5 28. Bxb5 cxb5 29. Rhd1 Rg5 30. Kf1 Rbg8 31. g3 Rh5 32. Kg2 Rhg5 33. Ne4
R5g6 34. Nd6 Bd8 35. Rc8 h5 36. Nxb5 h4 37. g4 f5 38. exf6+ Rxf6 39. Nxa7 Rgf8
40. Nc6+ Kd7 41. Rxd8+ Rxd8 42. Nxd8 Kxd8 43. d5 Ra6 44. Rd3 Rd6 45. b5 Kc7 46.
a4 Kb6 47. Kh3 Ka5 48. Rd4 Kb6 49. Kxh4 Kc5 50. Rd1 Kb4 51. Kg3 Kxa4 52. b6
Rxb6 53. d6 Rb8 54. d7 Rd8 55. h4 Kb5 56. h5 Kc6 57. h6 Kc7 58. g5 Rg8 59.
d8=Q+ 1-0

[Event "K41 Efteraars EMT Basis 2 2010"]
[Site "Valby"]
[Date "2010.10.05"]
[Round "5"]
[White "Wehl, Erik"]
[Black "Krogh, Soren"]
[Result "1-0"]
[WhiteElo "1467"]
[BlackElo "1330"]
[PlyCount "75"]
[EventDate "2010.??.??"]
[SourceDate "2010.09.10"]

1. d4 d6 2. Nf3 g6 3. c4 Bg7 4. Bg5 Nf6 5. Nc3 O-O 6. e4 c6 7. Be2 Qc7 8. Qd2
Bg4 9. a3 a6 10. h3 Bxf3 11. Bxf3 Nbd7 12. h4 Rfe8 13. h5 e5 14. d5 Nf8 15.
hxg6 fxg6 16. O-O-O Rad8 17. Kb1 Qf7 18. Rh3 a5 19. a4 Rd7 20. Rdh1 h5 21. Rg3
N8h7 22. Bh6 Ng4 23. Bxg7 Qxg7 24. Bxg4 hxg4 25. Rxg4 Nf6 26. Rg3 Kf7 27. Qh6
Rg8 28. Qg5 Nh7 29. Rf3+ Ke8 30. Qh4 g5 31. Qh5+ Qg6 32. Qg4 Nf8 33. Rf5 Rf7
34. Rxf7 Kxf7 35. Qc8 cxd5 36. Qxb7+ Kf6 37. Nxd5+ Ke6 38. Qe7# 1-0

[Event "K41 Efteraars EMT Basis 2 2010"]
[Site "Valby"]
[Date "2010.10.12"]
[Round "6"]
[White "Gjelstrup, Ole"]
[Black "Wehl, Erik"]
[Result "0-1"]
[WhiteElo "1531"]
[BlackElo "1467"]
[PlyCount "82"]
[EventDate "2010.??.??"]
[SourceDate "2010.09.10"]

1. e4 c5 2. Nc3 e6 3. Nf3 d6 4. d4 cxd4 5. Nxd4 a6 6. Be3 Nf6 7. Be2 Be7 8. O-O
O-O 9. Qd3 Nbd7 10. b4 Ne5 11. Qd1 Qc7 12. Bd2 Bd7 13. f4 Nc6 14. Nxc6 Qb6+ 15.
Kh1 Bxc6 16. Bf3 Rfe8 17. a3 Rac8 18. Qe1 Qc7 19. Rd1 b5 20. Qg3 g6 21. f5 exf5
22. exf5 Bxf3 23. Rxf3 Nh5 24. Qg4 Qc4 25. Qxc4 bxc4 26. Nd5 gxf5 27. Rxf5 Ng7
28. Nxe7+ Rxe7 29. Rd5 c3 30. Be1 Ne8 31. Bg3 Re2 32. Bxd6 Nxd6 33. Rxd6 Rxc2
34. h3 Rb2 35. Rd8+ Rxd8 36. Rxd8+ Kg7 37. Rc8 c2 38. Kh2 Ra2 39. Rc6 h5 40.
Kg1 Ra1+ 41. Kh2 c1=Q 0-1

[Event "K41 Efteraars EMT Basis 2 2010"]
[Site "Valby"]
[Date "2010.10.12"]
[Round "6"]
[White "Krogh, Soren"]
[Black "Eiholt, Bjarne"]
[Result "0-1"]
[WhiteElo "1330"]
[BlackElo "1408"]
[PlyCount "100"]
[EventDate "2010.??.??"]
[SourceDate "2010.09.10"]

1. f4 d5 2. Nf3 Nf6 3. e3 c5 4. d4 Bg4 5. c3 e6 6. Bd3 Nc6 7. O-O Be7 8. Nbd2
O-O 9. Qe1 Bf5 10. Be2 c4 11. Ne5 Nxe5 12. dxe5 b5 13. exf6 Bxf6 14. Nf3 Qc7
15. Bd2 Rfe8 16. Qf2 a5 17. Rae1 Qd6 18. a3 Ra7 19. b4 cxb3 20. Bc1 b4 21. cxb4
axb4 22. Nd2 Bc2 23. a4 Rb8 24. Bb2 Rxa4 25. Ra1 Ra2 26. Rxa2 bxa2 27. Ra1 b3
28. Nf3 Bd8 29. Ne5 f6 30. Nd3 Bc7 31. g3 Bb6 32. Nc1 Rc8 33. Bf3 Bb1 34. Bd1
Bc2 35. Bf3 Ba5 36. Qf1 Bc3 37. Bxc3 Rxc3 38. Qe1 Qc7 39. Nxa2 bxa2 40. Rc1 Rc6
41. Ra1 Bb1 42. Qb4 Rc4 43. Qb3 Rc1+ 44. Kg2 Qc2+ 45. Qxc2 Rxc2+ 46. Kh3 Kf7
47. e4 Rf2 48. exd5 Rxf3 49. dxe6+ Kxe6 50. Kg2 Rd3 0-1

[Event "K41 Efteraars EMT Basis 2 2010"]
[Site "Valby"]
[Date "2010.10.12"]
[Round "6"]
[White "Mikkelsen, Henning Peter"]
[Black "Sandbech, Ted"]
[Result "0-1"]
[WhiteElo "1577"]
[BlackElo "1545"]
[PlyCount "61"]
[EventDate "2010.??.??"]
[SourceDate "2010.09.10"]

1. d4 d5 2. e4 dxe4 3. Nc3 Nf6 4. f3 exf3 5. Nxf3 Bg4 6. Be3 e6 7. a3 Be7 8.
Bd3 O-O 9. Qe2 c6 10. O-O-O Nd5 11. Nxd5 cxd5 12. Kb1 h6 13. h3 Bh5 14. g4 Bg6
15. Ne5 Bxd3 16. Qxd3 Nc6 17. Nf3 b5 18. h4 b4 19. a4 Rb8 20. b3 Na5 21. Rdg1
Qc7 22. h5 Qc3 23. Qe2 Nxb3 24. cxb3 Qxb3+ 25. Ka1 Rfc8 26. Rc1 Rc3 27. Bf4
Qa3+ 28. Kb1 Rb3+ 29. Kc2 Rb2+ 30. Kd1 Rxe2 31. Kxe2 0-1

[Event "K41 Efteraars EMT Basis 2 2010"]
[Site "Valby"]
[Date "2010.10.26"]
[Round "7"]
[White "Eiholt, Bjarne"]
[Black "Gjelstrup, Ole"]
[Result "0-1"]
[WhiteElo "1408"]
[BlackElo "1531"]
[PlyCount "64"]
[EventDate "2010.??.??"]
[SourceDate "2010.09.10"]

1. d4 d5 2. c4 e6 3. Nc3 c5 4. cxd5 exd5 5. Nf3 Nf6 6. Bg5 c4 7. Bxf6 gxf6 8.
g3 Bb4 9. Qc2 Bg4 10. Bg2 Nc6 11. e3 Bxc3+ 12. Qxc3 Qd6 13. O-O O-O 14. Nd2 Bf5
15. f3 Bd3 16. Rf2 f5 17. e4 fxe4 18. fxe4 dxe4 19. Nxe4 Qxd4 20. Nf6+ Kg7 21.
Qxd4 Nxd4 22. Nd7 Rfe8 23. Nc5 Ne2+ 24. Kh1 Rad8 25. Raf1 Nxg3+ 26. hxg3 Bxf1
27. Rxf1 Re2 28. Nxb7 Rdd2 29. Bf3 Rf2 30. Rxf2 Rxf2 31. Bd5 Rxb2 32. Nd6 c3
0-1

[Event "K41 Efteraars EMT Basis 2 2010"]
[Site "Valby"]
[Date "2010.10.26"]
[Round "7"]
[White "Jorgensen, Orla Eilegaard"]
[Black "Mikkelsen, Henning Peter"]
[Result "0-1"]
[WhiteElo "1439"]
[BlackElo "1577"]
[PlyCount "56"]
[EventDate "2010.??.??"]
[SourceDate "2010.09.10"]

1. c4 f5 2. d4 Nf6 3. Nc3 e6 4. g3 Be7 5. Bg2 O-O 6. Nf3 d6 7. Bg5 Nbd7 8. O-O
c6 9. Re1 Qe8 10. a3 Qg6 11. Qc1 e5 12. dxe5 Nxe5 13. Nh4 Qh5 14. b3 Be6 15.
Qf4 Rae8 16. Qd2 Nf7 17. Be3 a6 18. Bf3 Ng4 19. h3 Nfe5 20. hxg4 fxg4 21. Be4
Bxh4 22. gxh4 Qxh4 23. Qxd6 g3 24. Bg2 Qh2+ 25. Kf1 Bh3 26. Red1 Qxg2+ 27. Ke1
gxf2+ 28. Bxf2 Nf3# 0-1

[Event "K41 Efteraars EMT Basis 2 2010"]
[Site "Valby"]
[Date "2010.10.26"]
[Round "7"]
[White "Sandbech, Ted"]
[Black "Krogh, Soren"]
[Result "1/2-1/2"]
[WhiteElo "1545"]
[BlackElo "1330"]
[PlyCount "106"]
[EventDate "2010.??.??"]
[SourceDate "2010.09.10"]

1. Nf3 b6 2. e4 e6 3. d4 Bb7 4. Bd3 Nf6 5. Qe2 Nc6 6. Bg5 Be7 7. O-O O-O 8. Nc3
d5 9. e5 Nd7 10. Bxe7 Qxe7 11. a3 f5 12. Nd1 Nd8 13. c3 c5 14. Rc1 c4 15. Bb1
Bc6 16. Qd2 Nf7 17. Ne3 Ng5 18. Nxg5 Qxg5 19. f4 Qg6 20. Bc2 Rf7 21. Rf3 Re7
22. Rcf1 Nf8 23. Rg3 Qe8 24. Bd1 a5 25. Rh3 Raa7 26. Bh5 g6 27. Be2 b5 28. Nc2
Ba8 29. Rff3 Rg7 30. Rh6 Raf7 31. Rg3 Qd7 32. Ne1 Bc6 33. Nf3 Qb7 34. Ng5 Re7
35. h4 Be8 36. h5 a4 37. hxg6 Bxg6 38. Rhh3 Kh8 39. Bh5 Bxh5 40. Rxh5 Ng6 41.
Rgh3 Nf8 42. Qf2 Kg8 43. Rh6 Kh8 44. Qh4 Kg8 45. Rf6 Ng6 46. Qf2 Nf8 47. Rg3
Qd7 48. Rh6 Kh8 49. Rhh3 Qe8 50. Qf3 Ng6 51. Qe3 Kg8 52. Nf3 Qf7 53. Nh4 Nxh4
1/2-1/2

[Event "K41 Efteraars EMT Basis 2 2010"]
[Site "Valby"]
[Date "2010.10.26"]
[Round "7"]
[White "Wehl, Erik"]
[Black "Christensen, Aage Niels"]
[Result "1/2-1/2"]
[WhiteElo "1467"]
[BlackElo "1531"]
[PlyCount "69"]
[EventDate "2010.??.??"]
[SourceDate "2010.09.10"]

1. d4 Nf6 2. Nf3 b6 3. c4 Bb7 4. Nc3 e6 5. a3 d6 6. e3 Nbd7 7. Be2 Be7 8. O-O
O-O 9. b4 a5 10. b5 Ne4 11. Nxe4 Bxe4 12. a4 Bf6 13. Bd3 Bxd3 14. Qxd3 Rc8 15.
Ra2 Re8 16. Rd2 e5 17. dxe5 Nc5 18. Qc2 Bxe5 19. Nxe5 Rxe5 20. Bb2 Re6 21. g3
Qe7 22. Rd5 g6 23. Rfd1 Rf8 24. Bd4 Nd7 25. h4 Nf6 26. Bxf6 Qxf6 27. Kg2 Re7
28. R1d4 h5 29. Rf4 Qe6 30. Qe2 f5 31. Qf3 Qf6 32. Rfd4 Re4 33. Rxe4 fxe4 34.
Qxf6 Rxf6 35. Rg5 1/2-1/2